000 00859nam a2200217Ii 4500
003 JO-AjNU
008 230605s9999||||xx |||||||||||||| ||und||
017 _a1992/4/430
040 _aJO-AjNU
_bara
_erda
_cJO-AjNU
041 _aara
050 1 4 _aLB1026.A5343 1992
100 3 _aتاليف عودة، احمد سليمان،م.مشارك فتحي حسن ملكاوي,
_eauthor
_961074
245 0 0 _aاساسيات البحث العلمي في التربية والعلوم الانسانينه: عناصر البحث ومناهجه والتحليل افحصائي لبياناته
250 _aط2
264 3 1 _aاربد: مكتبة الكناني، 1992
300 _a395ص
336 _atext
_btxt
_2rdacontent
337 _aunmediated
_bn
_2rdamedia
338 _avolume
_bnc
_2rdacarrier
650 4 _aالتعليم-البحث العلمي
_961075
999 _aA27583
_c31151
_d31151